ES6 and Beyond (Record no. 12513)

MARC details
000 -LEADER
fixed length control field 00371nam a22001577a 4500
003 - CONTROL NUMBER IDENTIFIER
control field OSt
008 - FIXED-LENGTH DATA ELEMENTS--GENERAL INFORMATION
fixed length control field 240416b |||||||| |||| 00| 0 eng d
020 ## - INTERNATIONAL STANDARD BOOK NUMBER
International Standard Book Number 9789352134199
082 ## - DEWEY DECIMAL CLASSIFICATION NUMBER
Classification number 005.133 SIA
100 ## - MAIN ENTRY--PERSONAL NAME
Personal name SIMPSON, Kyle
245 ## - TITLE STATEMENT
Title ES6 and Beyond
250 ## - EDITION STATEMENT
Edition statement 4th IMP
260 ## - PUBLICATION, DISTRIBUTION, ETC. (IMPRINT)
Place of publication, distribution, etc New Delhi
Name of publisher, distributor, etc Shroff/O'Reilly Publishers
Date of publication, distribution, etc 2024
300 ## - PHYSICAL DESCRIPTION
Extent 261
942 ## - ADDED ENTRY ELEMENTS (KOHA)
Source of classification or shelving scheme Dewey Decimal Classification
Koha item type Text Books
Holdings
Withdrawn status Lost status Source of classification or shelving scheme Damaged status Not for loan Collection code Home library Current library Date acquired Source of acquisition Currency Cost, normal purchase price Bill Number Total Checkouts Full call number Acc. no. / Barcode Date last seen Actual Cost, discounted price Bill Date Koha item type
    Dewey Decimal Classification     Computer Science & Engineering in Cyber Security PIET C-LIBRARY PIET C-LIBRARY 31/03/2024 Zafaa Books and Distributors In rupees 750.00 ZBD0491   005.133 SIE 36941 16/04/2024 350.00 31/03/2024 Reference Books
    Dewey Decimal Classification     Computer Science & Engineering in Cyber Security PIET C-LIBRARY PIET C-LIBRARY 31/03/2024 Zafaa Books and Distributors In rupees 750.00 ZBD0491   005.133 SIE 36942 16/04/2024 350.00 31/03/2024 Text Books
    Dewey Decimal Classification     Computer Science & Engineering in Cyber Security PIET C-LIBRARY PIET C-LIBRARY 31/03/2024 Zafaa Books and Distributors In rupees 750.00 ZBD0491   005.133 SIE 36943 16/04/2024 350.00 31/03/2024 Text Books

Design & Developed by: PIET Central Library
R70 Miles Stone Pattikalyana Samalkha Panipat 132102
mail ID :- [email protected], Phone No:- 0180-2569700 Ex.216